000 02565nam a2200577 c 4500
999 _c80225
_d80225
001 1020628545
003 DE-101
005 20201201093006.0
007 tu
008 120313s2011 pl ||||| |||| 00||||ger
015 _a12,A28
_2dnb
016 7 _2DE-101
_a1020628545
020 _a9788363189020
_cPp.
035 _a(DE-599)DNB1020628545
035 _a(OCoLC)800498900
040 _a1131
_bger
_cDE-101
_dStAFF
041 _ager
_apol
_hpol
044 _cXA-PL
082 0 4 _84\u
_a914.3812
_qDE-101
_222/ger
083 0 _85\u
_a712.0943812
_qDE-101
_222/ger
083 7 _a910
_a940
_a710
_qDE-101
_222sdnb
085 _84\u
_b914
085 _84\u
_z2
_s43812
085 _85\u
_b712
085 _85\u
_z2
_s43812
090 _ab
100 1 _81\p
_aWiernowolski, Stefan
_eVerfasser
_4aut
245 1 0 _aSekrety Łagowsko-Sulęcińskiego Parku Krajobrazowego
_b= ˜Dieœ Geheimnisse des Landschaftsparks Łagów-Sulęcin
_cStefan Wiernowolski. [Tłum. na język niemiecki: Grzegorz Załoga]
246 1 1 _a˜Dieœ Geheimnisse des Landschaftsparks Łagów-Sulęcin
264 1 _aSulęcin
_bUrząd Miejski
_c2011
300 _a84 S.
_bzahlr. Ill.
_c23 cm
336 _aText
_btxt
_2rdacontent
336 _aunbewegtes Bild
_bsti
_2rdacontent
337 _aohne Hilfsmittel zu benutzen
_bn
_2rdamedia
338 _aBand
_bnc
_2rdacarrier
500 _aText dt. und poln.
650 7 _0(DE-588)4127794-6
_0https://d-nb.info/gnd/4127794-6
_0(DE-101)041277945
_aHeimatkunde
_2gnd
650 7 _0(DE-588)4513088-7
_0https://d-nb.info/gnd/4513088-7
_0(DE-101)954424875
_aLandschaftspark
_2gnd
650 7 _83\p
_0(DE-588)4034350-9
_0https://d-nb.info/gnd/4034350-9
_0(DE-101)040343502
_aLandschaftsgestaltung
_2gnd
651 7 _0(DE-588)7670398-8
_0https://d-nb.info/gnd/7670398-8
_0(DE-101)996168206
_aŁagów
_gLebus
_2gnd
651 7 _0(DE-588)4731089-3
_0https://d-nb.info/gnd/4731089-3
_0(DE-101)967558883
_aSulȩcin
_2gnd
651 7 _0(DE-588)7670398-8
_0https://d-nb.info/gnd/7670398-8
_0(DE-101)996168206
_aŁagów
_gLebus
_2gnd
651 7 _0(DE-588)4731089-3
_0https://d-nb.info/gnd/4731089-3
_0(DE-101)967558883
_aSulȩcin
_2gnd
651 7 _82\p
_0(DE-588)4596737-4
_0https://d-nb.info/gnd/4596737-4
_0(DE-101)959369872
_aWoiwodschaft Lebus
_2gnd
883 2 _81\p
_adnb
_d20200610
_qDE-101
_uhttps://d-nb.info/provenance/plan#dnb
883 _82\p
_agnd-ddc
_c1
_d20190525
_qDE-101
_uhttps://d-nb.info/provenance/plan#gnd-ddc
883 _83\p
_agnd-ddc
_c1
_d20190525
_qDE-101
_uhttps://d-nb.info/provenance/plan#gnd-ddc
942 _2z
_cB